Milk for babes : (Record no. 317)

MARC details
000 -LEADER
fixed length control field 00791cam a2200253 i 4500
001 - CONTROL NUMBER
control field 849648
003 - CONTROL NUMBER IDENTIFIER
control field GBCCL
005 - DATE AND TIME OF LATEST TRANSACTION
control field 20241126110335.0
008 - FIXED-LENGTH DATA ELEMENTS--GENERAL INFORMATION
fixed length control field 790911s1979 txu 000 0 eng
010 ## -
-- 78063745
020 ## - INTERNATIONAL STANDARD BOOK NUMBER
International Standard Book Number 0849928680 :
Terms of availability $6.95
040 ## - CATALOGING SOURCE
Original cataloging agency DLC
Transcribing agency DLC
Modifying agency DLC
050 00 -
-- BV4501.2
-- .M776
082 00 - DEWEY DECIMAL CLASSIFICATION NUMBER
Classification number 248.4
Item number MUR
100 1# - MAIN ENTRY--PERSONAL NAME
Personal name Murchison, Anne Ferrell.
9 (RLIN) 314
245 10 - TITLE STATEMENT
Title Milk for babes :
Remainder of title using the Bible to find the answers to life's questions /
Statement of responsibility, etc. Anne Ferrell Murchison.
260 ## - PUBLICATION, DISTRIBUTION, ETC.
Place of publication, distribution, etc. Waco, Tex. :
Name of publisher, distributor, etc. Word Books,
Date of publication, distribution, etc. c1979.
300 ## - PHYSICAL DESCRIPTION
Extent 255 p. ;
Dimensions 22 cm.
600 10 - SUBJECT ADDED ENTRY--PERSONAL NAME
Personal name Murchison, Anne Ferrell.
9 (RLIN) 314
650 #0 - SUBJECT ADDED ENTRY--TOPICAL TERM
Topical term or geographic name entry element Christian life.
9 (RLIN) 183
650 #0 - SUBJECT ADDED ENTRY--TOPICAL TERM
Topical term or geographic name entry element Theology, Doctrinal
General subdivision Popular works.
9 (RLIN) 315
906 ## - LOCAL DATA ELEMENT F, LDF (RLIN)
a 7
b cbc
c orignew
d u
e opcn
f 19
g y-gencatlg
942 ## - ADDED ENTRY ELEMENTS (KOHA)
Source of classification or shelving scheme Dewey Decimal Classification
Koha item type Books
Holdings
Withdrawn status Lost status Source of classification or shelving scheme Damaged status Not for loan Home library Current Library Shelving location Date acquired Total checkouts Full call number Barcode Date last seen Date last checked out Copy number Price effective from Koha item type
    Dewey Decimal Classification     GRACE BIBLE COLLEGE GRACE BIBLE COLLEGE Ministry & Mission 2016-10-19 1 248.4 MUR 009682 2025-05-01 2017-08-04 c.1 2016-10-19 Books
© Grace Bible College Library 2025